{"text_format":"3","workbook":"xlsx","n_sheets":1,"sheets":["t507"],"read":"whole","date_system":"1900"}

{"sheet":"t507","index":0,"n_rows":154,"n_cols":7,"rows_kept":154,"merged":[[0,0,0,6],[30,0,30,5],[42,0,42,5],[132,0,132,5]]}
["TABELA 507.1 - Estatísticas Agrícolas, Município de Santa Bárbara D'Oeste, Estado de São Paulo, 2007/08."]
["ITEM","UNIDADE","N.DE UPAs","MÍNIMO","MÉDIO","MÁXIMO","TOTAL"]
["Distância à sede do município","km",339,0.5,{"v":12.53,"d":"12.5"},{"v":25,"d":"25.0"},"-"]
["Área total","hectare",339,0.1,{"v":62.57,"d":"62.6"},{"v":2170.6,"d":"2,170.6"},{"v":21210.5,"d":"21,210.5"}]
["Área com cultura perene","hectare",12,0.3,{"v":3.88,"d":"3.9"},{"v":16,"d":"16.0"},46.6]
["Área com cultura temporária","hectare",262,0.5,68.4,{"v":2135.8,"d":"2,135.8"},{"v":17921.4,"d":"17,921.4"}]
["Área com pastagem","hectare",152,0.5,{"v":9.91,"d":"9.9"},74.1,{"v":1507,"d":"1,507.0"}]
["Área com reflorestamento","hectare",14,0.6,{"v":5.39,"d":"5.4"},19.3,75.4]
["Área com vegetação natural","hectare",121,0.1,{"v":6.43,"d":"6.4"},{"v":63,"d":"63.0"},777.9]
["Área com vegetação de brejo e várzea","hectare",5,0.1,{"v":2.38,"d":"2.4"},{"v":10,"d":"10.0"},11.9]
["Área em descanso","hectare",3,{"v":2,"d":"2.0"},{"v":9.37,"d":"9.4"},{"v":24,"d":"24.0"},28.1]
["Área complementar","hectare",221,0.1,{"v":3.81,"d":"3.8"},{"v":100,"d":"100.0"},842.2]
["Área das UPAs com (0, 1] ha","hectare",6,0.1,{"v":0.55,"d":"0.6"},0.9,3.3]
["Área das UPAs com (1, 2] ha","hectare",8,1.1,{"v":1.46,"d":"1.5"},{"v":2,"d":"2.0"},11.7]
["Área das UPAs com (2, 5] ha","hectare",43,2.2,{"v":3.72,"d":"3.7"},{"v":5,"d":"5.0"},160.1]
["Área das UPAs com (5, 10] ha","hectare",47,5.2,{"v":7.89,"d":"7.9"},{"v":10,"d":"10.0"},370.7]
["Área das UPAs com (10, 20] ha","hectare",82,10.3,{"v":14.53,"d":"14.5"},{"v":20,"d":"20.0"},{"v":1191.2,"d":"1,191.2"}]
["Área das UPAs com (20, 50] ha","hectare",79,20.4,{"v":31.41,"d":"31.4"},{"v":50,"d":"50.0"},{"v":2481.7,"d":"2,481.7"}]
["Área das UPAs com (50, 100] ha","hectare",40,{"v":53,"d":"53.0"},{"v":72.93,"d":"72.9"},96.8,{"v":2917.1,"d":"2,917.1"}]
["Área das UPAs com (100, 200] ha","hectare",17,108.9,{"v":140.42,"d":"140.4"},194.8,{"v":2387.2,"d":"2,387.2"}]
["Área das UPAs com (200, 500] ha","hectare",8,259.9,{"v":319.78,"d":"319.8"},482.1,{"v":2558.2,"d":"2,558.2"}]
["Área das UPAs com (500, 1.000] ha","hectare",6,512.9,{"v":768.28,"d":"768.3"},920.4,{"v":4609.7,"d":"4,609.7"}]
["Área das UPAs com (1.000, 2.000] ha","hectare",2,{"v":1112,"d":"1,112.0"},{"v":1174.5,"d":"1,174.5"},{"v":1237,"d":"1,237.0"},{"v":2349,"d":"2,349.0"}]
["Área das UPAs com (2.000, 5.000] ha","hectare",1,{"v":2170.6,"d":"2,170.6"},{"v":2170.6,"d":"2,170.6"},{"v":2170.6,"d":"2,170.6"},{"v":2170.6,"d":"2,170.6"}]
["Área das UPAs com (5.000, 10.000] ha","hectare","-","-","-","-","-"]
["Área das UPAs acima de 10.000 ha","hectare","-","-","-","-","-"]
["Familiares do proprietário que trabalham na UPA","unidade",190,{"v":1,"d":"1.0"},{"v":3.38,"d":"3.4"},{"v":30,"d":"30.0"},{"v":642,"d":"642.0"}]
["Trabalhadores permanentes","unidade",46,{"v":1,"d":"1.0"},4.3,{"v":60,"d":"60.0"},{"v":198,"d":"198.0"}]
["Fonte: Secretaria de Agricultura e Abastecimento, CDRS/IEA, Projeto LUPA."]
[]
["TABELA 507.2 - Explorações Animais, Município de Santa Bárbara D'Oeste, Estado de São Paulo, 2007/08."]
["ITEM","UNIDADE","N.DE UPAs","MÍNIMO","MÉDIO","MÁXIMO","TOTAL"]
["Avicultura de Corte","cabeças/ano",1,{"v":318000,"d":"318,000.0"},{"v":318000,"d":"318,000.0"},{"v":318000,"d":"318,000.0"},{"v":318000,"d":"318,000.0"}]
["Avicultura para Ovos","cabeças",1,{"v":30,"d":"30.0"},{"v":30,"d":"30.0"},{"v":30,"d":"30.0"},{"v":30,"d":"30.0"}]
["Bovinocultura de Corte","cabeças",1,{"v":40,"d":"40.0"},{"v":40,"d":"40.0"},{"v":40,"d":"40.0"},{"v":40,"d":"40.0"}]
["Bovinocultura Mista","cabeças",51,{"v":2,"d":"2.0"},{"v":18.53,"d":"18.5"},{"v":80,"d":"80.0"},{"v":945,"d":"945.0"}]
["Caprinocultura","cabeças",1,{"v":20,"d":"20.0"},{"v":20,"d":"20.0"},{"v":20,"d":"20.0"},{"v":20,"d":"20.0"}]
["Equinocultura","cabeças",5,{"v":2,"d":"2.0"},6.6,{"v":15,"d":"15.0"},{"v":33,"d":"33.0"}]
["Ovinocultura","cabeças",1,{"v":30,"d":"30.0"},{"v":30,"d":"30.0"},{"v":30,"d":"30.0"},{"v":30,"d":"30.0"}]
["Suinocultura","cabeças",3,{"v":10,"d":"10.0"},{"v":46.67,"d":"46.7"},{"v":100,"d":"100.0"},{"v":140,"d":"140.0"}]
["Fonte: Secretaria de Agricultura e Abastecimento, CDRS/IEA, Projeto LUPA."]
[]
["TABELA 507.3 -  Máquinas, Implementos e Benfeitorias, Município de Santa Bárbara D'Oeste, Estado de São Paulo, 2007/08."]
["ITEM","UNIDADE","N.DE UPAs","MÍNIMO","MÉDIO","MÁXIMO","TOTAL"]
["Arado Subsolador","Unidade",1,{"v":1,"d":"1.0"},{"v":1,"d":"1.0"},{"v":1,"d":"1.0"},{"v":1,"d":"1.0"}]
["Batedeira de Cereais","Unidade",1,{"v":1,"d":"1.0"},{"v":1,"d":"1.0"},{"v":1,"d":"1.0"},{"v":1,"d":"1.0"}]
["Câmara Fria","Unidade",1,{"v":1,"d":"1.0"},{"v":1,"d":"1.0"},{"v":1,"d":"1.0"},{"v":1,"d":"1.0"}]
["Carregadeira de Cana","Unidade",6,{"v":1,"d":"1.0"},{"v":3.67,"d":"3.7"},{"v":10,"d":"10.0"},{"v":22,"d":"22.0"}]
["Colhedeira Acoplada","Unidade",1,{"v":1,"d":"1.0"},{"v":1,"d":"1.0"},{"v":1,"d":"1.0"},{"v":1,"d":"1.0"}]
["Conj.Irrigação Convencional","Unidade",3,{"v":1,"d":"1.0"},{"v":1.33,"d":"1.3"},{"v":2,"d":"2.0"},{"v":4,"d":"4.0"}]
["Conjunto de Fenação","Unidade",1,{"v":1,"d":"1.0"},{"v":1,"d":"1.0"},{"v":1,"d":"1.0"},{"v":1,"d":"1.0"}]
["Desintegrador, Picador, Triturador","Unidade",58,{"v":1,"d":"1.0"},{"v":1.12,"d":"1.1"},{"v":4,"d":"4.0"},{"v":65,"d":"65.0"}]
["Distribuidor de Calcário","Unidade",1,{"v":1,"d":"1.0"},{"v":1,"d":"1.0"},{"v":1,"d":"1.0"},{"v":1,"d":"1.0"}]
["Ensiladeira","Unidade",1,{"v":1,"d":"1.0"},{"v":1,"d":"1.0"},{"v":1,"d":"1.0"},{"v":1,"d":"1.0"}]
["Grade Niveladora","Unidade",2,{"v":1,"d":"1.0"},7.5,{"v":14,"d":"14.0"},{"v":15,"d":"15.0"}]
["Microtrator","Unidade",1,{"v":1,"d":"1.0"},{"v":1,"d":"1.0"},{"v":1,"d":"1.0"},{"v":1,"d":"1.0"}]
["Misturador de Ração","Unidade",1,{"v":5,"d":"5.0"},{"v":5,"d":"5.0"},{"v":5,"d":"5.0"},{"v":5,"d":"5.0"}]
["Ordenhadeira Mecânica","Unidade",1,{"v":1,"d":"1.0"},{"v":1,"d":"1.0"},{"v":1,"d":"1.0"},{"v":1,"d":"1.0"}]
["Pulverizador Tratorizado","Unidade",4,{"v":1,"d":"1.0"},{"v":1.75,"d":"1.8"},{"v":3,"d":"3.0"},{"v":7,"d":"7.0"}]
["Semeadeira/Adubadeira para Plantio Convencional","Unidade",1,{"v":1,"d":"1.0"},{"v":1,"d":"1.0"},{"v":1,"d":"1.0"},{"v":1,"d":"1.0"}]
["Semeadeira/Plantadeira Plantio Direto","Unidade",1,{"v":1,"d":"1.0"},{"v":1,"d":"1.0"},{"v":1,"d":"1.0"},{"v":1,"d":"1.0"}]
["Trator de Pneus","Unidade",84,{"v":1,"d":"1.0"},{"v":1.99,"d":"2.0"},{"v":15,"d":"15.0"},{"v":167,"d":"167.0"}]
["Açude/Represa","Unidade",40,{"v":1,"d":"1.0"},{"v":1.65,"d":"1.7"},{"v":11,"d":"11.0"},{"v":66,"d":"66.0"}]
["Almoxarifado/Oficina","Unidade",2,{"v":1,"d":"1.0"},{"v":2,"d":"2.0"},{"v":3,"d":"3.0"},{"v":4,"d":"4.0"}]
["Balança para Veículos","Unidade",1,{"v":2,"d":"2.0"},{"v":2,"d":"2.0"},{"v":2,"d":"2.0"},{"v":2,"d":"2.0"}]
["Barracão para Granja/Avicultura","Unidade",2,{"v":2,"d":"2.0"},{"v":2,"d":"2.0"},{"v":2,"d":"2.0"},{"v":4,"d":"4.0"}]
["Barracão/Galpão/Garagem","Unidade",133,{"v":1,"d":"1.0"},{"v":1.63,"d":"1.6"},{"v":6,"d":"6.0"},{"v":217,"d":"217.0"}]
["Casa de Moradia Habitada","Unidade",128,{"v":1,"d":"1.0"},{"v":4.32,"d":"4.3"},{"v":55,"d":"55.0"},{"v":553,"d":"553.0"}]
["Casa de Moradia Total","Unidade",156,{"v":1,"d":"1.0"},{"v":4.07,"d":"4.1"},{"v":55,"d":"55.0"},{"v":635,"d":"635.0"}]
["Curral/Mangueira","Unidade",79,{"v":1,"d":"1.0"},{"v":1.08,"d":"1.1"},{"v":4,"d":"4.0"},{"v":85,"d":"85.0"}]
["Depósito/Tulha","Unidade",15,{"v":1,"d":"1.0"},{"v":1,"d":"1.0"},{"v":1,"d":"1.0"},{"v":15,"d":"15.0"}]
["Engenho","Unidade",1,{"v":2,"d":"2.0"},{"v":2,"d":"2.0"},{"v":2,"d":"2.0"},{"v":2,"d":"2.0"}]
["Estábulo","Unidade",6,{"v":1,"d":"1.0"},{"v":1.33,"d":"1.3"},{"v":3,"d":"3.0"},{"v":8,"d":"8.0"}]
["Estufa/Plasticultura","m²",1,{"v":200,"d":"200.0"},{"v":200,"d":"200.0"},{"v":200,"d":"200.0"},{"v":200,"d":"200.0"}]
["Fábrica de Ração","Unidade",2,{"v":1,"d":"1.0"},{"v":1,"d":"1.0"},{"v":1,"d":"1.0"},{"v":2,"d":"2.0"}]
["Instalações para Equinos","Unidade",7,{"v":1,"d":"1.0"},{"v":5.57,"d":"5.6"},{"v":15,"d":"15.0"},{"v":39,"d":"39.0"}]
["Packing House","Unidade",1,{"v":1,"d":"1.0"},{"v":1,"d":"1.0"},{"v":1,"d":"1.0"},{"v":1,"d":"1.0"}]
["Pocilga","Unidade",4,{"v":1,"d":"1.0"},{"v":5,"d":"5.0"},{"v":10,"d":"10.0"},{"v":20,"d":"20.0"}]
["Secador de Grãos","Unidade",1,{"v":1,"d":"1.0"},{"v":1,"d":"1.0"},{"v":1,"d":"1.0"},{"v":1,"d":"1.0"}]
["Terreiro","m²",3,{"v":1,"d":"1.0"},{"v":267.33,"d":"267.3"},{"v":800,"d":"800.0"},{"v":802,"d":"802.0"}]
["Usina de Açúcar/destilaria","Unidade",1,{"v":1,"d":"1.0"},{"v":1,"d":"1.0"},{"v":1,"d":"1.0"},{"v":1,"d":"1.0"}]
["Fonte: Secretaria de Agricultura e Abastecimento, CDRS/IEA, Projeto LUPA."]
[]
["TABELA 507.4 - Outras Estatísticas Agrícolas, Município de Santa Bárbara D'Oeste, Estado de São Paulo, 2007/08."]
["ITEM","Número de UPAs",null,"Percentual"]
["Faz Parte de Associação de Produtores",145,null,{"v":42.772861356932154,"d":"42.8"}]
["Faz Parte de Cooperativa de Produtores",129,null,{"v":38.05309734513274,"d":"38.1"}]
["Faz Parte do Sindicato de Produtores",106,null,{"v":31.26843657817109,"d":"31.3"}]
["Não utiliza assistência técnica ",114,null,{"v":33.6283185840708,"d":"33.6"}]
["Utiliza somente assistência técnica governamental ",31,null,{"v":9.144542772861357,"d":"9.1"}]
["Utiliza somente assistência técnica privada ",3,null,{"v":0.8849557522123894,"d":"0.9"}]
["Utiliza assistência técnica tanto governamental quanto privada",191,null,{"v":56.342182890855455,"d":"56.3"}]
["Utiliza Crédito Rural",4,null,{"v":1.1799410029498527,"d":"1.2"}]
["Utiliza Seguro Rural","-",null,"-"]
["Utiliza Escrituração Agrícola",79,null,{"v":23.303834808259584,"d":"23.3"}]
["Acessa Internet p/ Fins na Agropecuária",77,null,{"v":22.71386430678466,"d":"22.7"}]
["Utiliza Computador nas Atividades Agropecuárias",82,null,{"v":24.188790560471976,"d":"24.2"}]
["Utiliza Energia Elétrica Para Uso na Atividade Agrícola",201,null,{"v":59.292035398230084,"d":"59.3"}]
["Realiza Análise de Solo, quando necessário",194,null,{"v":57.227138643067846,"d":"57.2"}]
["Utiliza Práticas de Conservação de Solo, quando necessário",228,null,{"v":67.2566371681416,"d":"67.3"}]
["Faz Adubação Mineral, quando necessário",197,null,{"v":58.11209439528024,"d":"58.1"}]
["Faz Adubação Orgânica, quando necessário",19,null,{"v":5.604719764011799,"d":"5.6"}]
["Faz Adubação Verde, quando necessário",1,null,{"v":0.2949852507374632,"d":"0.3"}]
["Utiliza Manejo Integrado de Pragas (MIP)","-",null,"-"]
["Utiliza Hidroponia","-",null,"-"]
["Utiliza Plasticultura","-",null,"-"]
["Utiliza Mudas Fiscalizadas",203,null,{"v":59.882005899705014,"d":"59.9"}]
["Utiliza Semente Melhorada",53,null,{"v":15.634218289085545,"d":"15.6"}]
["Faz Confinamento de Bovinos","-",null,"-"]
["Utiliza Pastejo Intensivo",1,null,{"v":0.2949852507374632,"d":"0.3"}]
["Faz Inseminação Artificial","-",null,"-"]
["Faz Mineralização do Rebanho",38,null,{"v":11.209439528023598,"d":"11.2"}]
["Faz Vermifugação do Rebanho",38,null,{"v":11.209439528023598,"d":"11.2"}]
["Possui Parceiros /Arrendatários na Exploração Animal",62,null,{"v":18.289085545722713,"d":"18.3"}]
["Esporte e lazer","-",null,"-"]
["Extração mineral","-",null,"-"]
["Hotel Fazenda, Pousada ou SPA","-",null,"-"]
["Pesque-pague",1,null,{"v":0.2949852507374632,"d":"0.3"}]
["Restaurante ou Lanchonete",1,null,{"v":0.2949852507374632,"d":"0.3"}]
["Transformação artesanal","-",null,"-"]
["Turismo rural ou ecoturismo","-",null,"-"]
["Outras atividades econômicas rurais",2,null,{"v":0.5899705014749264,"d":"0.6"}]
["Agroindústria","-",null,"-"]
["Proprietário sem instrução ou com instrução incompleta",51,null,{"v":15.044247787610619,"d":"15.0"}]
["Proprietário com antigo primário completo",75,null,{"v":22.123893805309734,"d":"22.1"}]
["Proprietário com 1° grau (ou antigo ginasial) completo",28,null,{"v":8.259587020648969,"d":"8.3"}]
["Proprietário com 2° grau (ou antigo colegial) completo",28,null,{"v":8.259587020648969,"d":"8.3"}]
["Proprietário com curso superior completo ",90,null,{"v":26.548672566371682,"d":"26.5"}]
["Pessoa Jurídica",67,null,{"v":19.764011799410028,"d":"19.8"}]
["Proprietário residente na própria UPA ",55,null,{"v":16.224188790560472,"d":"16.2"}]
["Fonte: Secretaria de Agricultura e Abastecimento, CDRS/IEA, Projeto LUPA."]
[]
["TABELA 507.5 - Área Cultivada, Município de Santa Bárbara D'Oeste, Estado de São Paulo, 2007/08."]
["CULTURA","N.DE UPAs","MÍNIMO","MÉDIO","MÁXIMO","TOTAL"]
["Cana-de-acucar",251,0.5,{"v":70.27,"d":"70.3"},{"v":2135.8,"d":"2,135.8"},{"v":17638.2,"d":"17,638.2"}]
["Braquiaria",149,0.5,{"v":9.48,"d":"9.5"},{"v":68,"d":"68.0"},{"v":1411.9,"d":"1,411.9"}]
["Milho",25,0.5,{"v":8.13,"d":"8.1"},{"v":50,"d":"50.0"},203.3]
["Eucalipto",14,0.6,{"v":5.39,"d":"5.4"},19.3,75.4]
["Outras gramineas para pastagem",1,74.1,74.1,74.1,74.1]
["Soja",1,{"v":40,"d":"40.0"},{"v":40,"d":"40.0"},{"v":40,"d":"40.0"},{"v":40,"d":"40.0"}]
["Cafe",3,{"v":5,"d":"5.0"},{"v":11.33,"d":"11.3"},{"v":16,"d":"16.0"},{"v":34,"d":"34.0"}]
["Sorgo",1,{"v":34,"d":"34.0"},{"v":34,"d":"34.0"},{"v":34,"d":"34.0"},{"v":34,"d":"34.0"}]
["Capim-napier (ou capim-elefante)",9,0.5,{"v":2.18,"d":"2.2"},{"v":5,"d":"5.0"},19.6]
["Laranja",7,0.3,{"v":1.23,"d":"1.2"},2.4,8.6]
["Mandioca",1,{"v":8,"d":"8.0"},{"v":8,"d":"8.0"},{"v":8,"d":"8.0"},{"v":8,"d":"8.0"}]
["Couve (ou couve-crespa)",1,{"v":4,"d":"4.0"},{"v":4,"d":"4.0"},{"v":4,"d":"4.0"},{"v":4,"d":"4.0"}]
["Abobora (ou jerimum)",1,3.2,3.2,3.2,3.2]
["Figo-da-india",1,{"v":2,"d":"2.0"},{"v":2,"d":"2.0"},{"v":2,"d":"2.0"},{"v":2,"d":"2.0"}]
["Outras olericolas",1,{"v":2,"d":"2.0"},{"v":2,"d":"2.0"},{"v":2,"d":"2.0"},{"v":2,"d":"2.0"}]
["Limao",1,{"v":2,"d":"2.0"},{"v":2,"d":"2.0"},{"v":2,"d":"2.0"},{"v":2,"d":"2.0"}]
["Coloniao",1,1.2,1.2,1.2,1.2]
["Feijao",1,{"v":1,"d":"1.0"},{"v":1,"d":"1.0"},{"v":1,"d":"1.0"},{"v":1,"d":"1.0"}]
["Outras leguminosas para pastagem",1,0.2,0.2,0.2,0.2]
["Fonte: Secretaria de Agricultura e Abastecimento, CDRS/IEA, Projeto LUPA."]